000
00287nam a2200121Ia 4500
008
240625s9999 xx 000 0 und d
041
_a
eng
082
_a
658.4063 KHO
100
_a
BY KHOSLA SANJAY
245
_a
FEWER BIGGER BOLDER FROM MINDLESS EXPANS
260
_c
2014
365
_c
RS
999
_c
32879
_d
32879